The life and voyages of Americus Vespucius; with illustrations concerning the navigator, and the discovery of the new world.
Tallennettuna:
| Päätekijä: | |
|---|---|
| Muut tekijät: | |
| Aineistotyyppi: | Kirja |
| Kieli: | englanti |
| Julkaistu: |
New York, USA
Baker & Scribner
1846
|
| Aiheet: | |
| Tagit: |
Lisää tagi
Ei tageja, Lisää ensimmäinen tagi!
|
MARC
| LEADER | 00000nam a2200000 a 4500 | ||
|---|---|---|---|
| 001 | UCJ4265 | ||
| 003 | CL-VaPUC | ||
| 005 | 20250227100118.0 | ||
| 008 | 070124e18460000US |||||||||||||||||eng|d | ||
| 999 | |c 320382 |d 320380 | ||
| 040 | |c Pontificia Universidad Católica de Valparaíso | ||
| 082 | 0 | 4 | |a 923 VES 1846 |2 21 |
| 100 | 0 | |a Lester, C. Edwards |9 507585 | |
| 245 | 1 | 4 | |a The life and voyages of Americus Vespucius; with illustrations concerning the navigator, and the discovery of the new world. |
| 260 | 0 | 3 | |a New York, USA |b Baker & Scribner |c 1846 |
| 300 | |a 431 páginas. | ||
| 500 | |a Front., retrato de Américo Vespucio, por Bronzino; apostillado | ||
| 583 | |a last modification |c 20070124 00:00:00 |k Rodrigo Vera | ||
| 600 | 0 | 7 | |a ENRIQUE EL NAVEGANTE |2 CL-VaPUC |9 507587 |
| 600 | 0 | 7 | |a CABOTO, SEBASTIAN |2 CL-VaPUC |9 446023 |
| 600 | 0 | 7 | |a VESPUCIO, AMERICO |2 CL-VaPUC |9 265195 |
| 600 | 0 | 7 | |a COLON, CRISTOBAL |2 CL-VaPUC |9 265189 |
| 600 | 0 | 7 | |a LAS CASAS, BARTOLOME DE |2 CL-VaPUC |9 350359 |
| 600 | 0 | 7 | |a FERNANDEZ DE OVIEDO Y VALDES, GONZALO |2 CL-VaPUC |9 266669 |
| 600 | 0 | |a López de Gómara, Francisco, |d 1511-1566 |9 342307 | |
| 600 | 0 | |a Anglería, Pedro Mártir de, |d 1457-1526 |9 394340 | |
| 600 | 0 | 7 | |a TOSCANELLI, PAOLO |2 CL-VaPUC |9 507588 |
| 600 | 0 | 7 | |a MEDICI, LORENZO DE |2 CL-VaPUC |9 507589 |
| 600 | 0 | 7 | |a SODERINI, PEDRO |2 CL-VaPUC |9 507590 |
| 600 | 0 | |a Polo, Marco, |d 1254-1324 |9 267863 | |
| 600 | 0 | 7 | |a COSA, JUAN DE LA |2 CL-VaPUC |9 477358 |
| 600 | 0 | 7 | |a OJEDA, ALONSO DE |2 CL-VaPUC |9 507591 |
| 600 | 0 | 7 | |a BRONZINO |2 CL-VaPUC |9 507592 |
| 650 | 7 | |a NAVEGANTES |2 CL-VaPUC |9 450740 | |
| 650 | 7 | |a BIOGRAFIAS |2 CL-VaPUC |9 504622 | |
| 650 | 0 | |a Cartografía |9 266055 | |
| 650 | 0 | |a Descubrimientos geográficos |9 331933 | |
| 650 | 7 | |a DESCUBRIMIENTO DE AMERICA |2 CL-VaPUC |9 507593 | |
| 650 | 0 | |a Viajes |9 257115 | |
| 650 | 7 | |a CRONISTAS DE AMERICA |2 CL-VaPUC |9 507595 | |
| 650 | 0 | |a Renacimiento |9 255107 | |
| 650 | 0 | |a Cosmografía |9 255932 | |
| 650 | 7 | |a TOPONIMIA |2 CL-VaPUC |9 507596 | |
| 650 | 0 | |a Aborígenes |9 329972 | |
| 650 | 0 | |a Etnografía |9 309735 | |
| 650 | 0 | |a Razas |9 326658 | |
| 650 | 0 | |a Vida social |9 337244 | |
| 650 | 0 | |a Recursos naturales |9 255232 | |
| 650 | 0 | |a Astronomía |9 260985 | |
| 650 | 0 | |a Esclavos |9 258558 | |
| 650 | 0 | |a Historia |9 255047 | |
| 651 | 0 | |a América |9 255182 | |
| 651 | 0 | |a Japón |9 260391 | |
| 651 | 0 | |a China |9 257545 | |
| 651 | 0 | |a España |9 254926 | |
| 651 | 7 | |a PORTUGAL |2 CL-VaPUC |9 255007 | |
| 700 | 0 | |a Foster, Andrew |9 507586 | |
| 942 | |c BK |2 ddc | ||
| 945 | |d 20070124 00:00:00 |a rinostro | ||
| 952 | |0 0 |1 0 |2 ddc |4 0 |6 923_000000000000000_VES_1846 |7 0 |8 X |9 398891 |a FDOBUD |b FDOBUD |d 2019-11-22 |i 1015788 |o 923 VES 1846 |p 1015788 |r 2019-11-22 |t 1 |w 2019-11-22 |y BK_X |k BUD | ||